000 00582cam a22002053a 4500
001 42042
003 PGUSA
005 20140828083941.0
008 130207s2013||||xxu|||||s|||||000 | eng d
040 _aPGUSA
_beng
042 _adc
100 1 _aMills, Enos Abijah,
_d1870-1922
245 1 4 _aThe Spell of the Rockies
_h[electronic resource] /
_cEnos Abijah Mills
260 _bProject Gutenberg,
_c2013
506 _aPublic domain in the USA.
516 _aElectronic text
830 0 _aProject Gutenberg
_v42042
856 4 0 _uhttp://www.gutenberg.org/ebooks/42042
942 _cEB
999 _c271294
_d271294